MARC details
| 000 -LEADER |
| campo de control de longitud fija |
05084nam a2200577 i 4500 |
| 001 - NÚMERO DE CONTROL |
| campo de control |
196187 |
| 003 - IDENTIFICADOR DE NÚMERO DE CONTROL |
| campo de control |
ES-MaACL |
| 005 - FECHA Y HORA DE LA ÚLTIMA TRANSACCIÓN |
| campo de control |
20250809052940.0 |
| 008 - DATOS DE LONGITUD FIJA--INFORMACIÓN GENERAL |
| campo de control de longitud fija |
240817t20162017spca||| |||| 0|0 0dspa| |
| 015 ## - NÚMERO DE BIBLIOGRAFÍA NACIONAL |
| Número de bibliografía nacional |
LL2018 |
| Fuente |
bnc |
| 017 ## - NÚMERO DE COPYRIGHT O DE DEPÓSITO LEGAL |
| Número de copyright o de depósito legal |
DL B 25016-2017 |
| Agencia que asigna |
Biblioteca de Catalunya |
| 035 ## - NÚMERO DE CONTROL DEL SISTEMA |
| Número de control de sistema |
(ES-BaCBU).b70035726 |
| 035 ## - NÚMERO DE CONTROL DEL SISTEMA |
| Número de control de sistema |
991040530329706706 |
| 040 ## - FUENTE DE CATALOGACIÓN |
| Centro catalogador/agencia de origen |
ES-BaBC |
| Lengua de catalogación |
cat |
| Normas de descripción |
rda |
| Centro/agencia transcriptor |
ES-BaBC |
| 043 ## - CÓDIGO DE ÁREA GEOGRÁFICA |
| Código de área geográfica |
e-hu--- |
| 080 ## - NÚMERO DE LA CLASIFICACIÓN DECIMAL UNIVERSAL |
| Número de la Clasificación Decimal Universal |
929Perlasca, Giorgio |
| Identificador de la edición |
2004 |
| 080 ## - NÚMERO DE LA CLASIFICACIÓN DECIMAL UNIVERSAL |
| Número de la Clasificación Decimal Universal |
341.485 |
| Subdivisión auxiliar común |
(=411.16) |
| -- |
(439) |
| Identificador de la edición |
2004 |
| 080 ## - NÚMERO DE LA CLASIFICACIÓN DECIMAL UNIVERSAL |
| Número de la Clasificación Decimal Universal |
341.485 |
| Subdivisión auxiliar común |
(=411.16) |
| -- |
(439) |
| -- |
"1939/1945" |
| Identificador de la edición |
2004 |
| 100 ## - ENTRADA PRINCIPAL--NOMBRE DE PERSONA |
| Nombre de persona |
Deaglio, Enrico, |
| Fechas asociadas al nombre |
1947- |
| 9 (RLIN) |
238458 |
| Término indicativo de función/relación |
Autor |
| 240 10 - TÍTULO UNIFORME |
| Título uniforme |
Banalità del bene. |
| Lenguaje de la obra |
Español |
| 245 13 - MENCIÓN DEL TÍTULO |
| Título |
La Banalidad del bien : |
| Resto del título |
historia de Giorgio Perlasca / |
| Mención de responsabilidad, etc. |
Enrico DeAglio ; presentación: Joaquín González Ibáñez, Javier López de Goicoechea, Juan Carlos Sainz-Borgo ; prólogo: Julio Andrés Sampedro Arrubla ; introducción a la edición española: Domenico Vecchioni, diplomático italiano ; traducción de la edición española: Gerardo Bovenzi, Francisco Laborda. |
| 250 ## - MENCION DE EDICION |
| Mención de edición |
Edición no venal especial para Berg Institute |
| 264 #1 - PRODUCCIÓN, PUBLICACIÓN, DISTRIBUCIÓN, FABRICACIÓN Y COPYRIGHT |
| Producción, publicación, distribución, fabricación y copyright |
Barcelona : |
| Nombre del de productor, editor, distribuidor, fabricante |
Editorial Planeta, |
| Fecha de producción, publicación, distribución, fabricación o copyright |
[2017]. |
| 264 #4 - PRODUCCIÓN, PUBLICACIÓN, DISTRIBUCIÓN, FABRICACIÓN Y COPYRIGHT |
| Fecha de producción, publicación, distribución, fabricación o copyright |
©2016 |
| 300 ## - DESCRIPCIÓN FÍSICA |
| Extensión |
236 pág. : |
| Otras características físicas |
ilustraciones en blanco y negro ; |
| Dimensiones |
24 cm. |
| 336 ## - TIPO DE CONTENIDO |
| Término de tipo de contenido |
texto |
| Código de tipo de contenido |
txt |
| Fuente |
rdacontent |
| 337 ## - TIPO DE MEDIO |
| Nombre/término del tipo de medio |
sin mediación |
| Código del tipo de medio |
n |
| Fuente |
rdamedia |
| 338 ## - TIPO DE SOPORTE |
| Nombre/término del tipo de soporte |
volumen |
| Código del tipo de soporte |
nc |
| Fuente |
rdacarrier |
| 490 1# - MENCIÓN DE SERIE |
| Mención de serie |
Biblioteca literatura y derechos humanos |
| 500 ## - NOTA GENERAL |
| Nota general |
En la cubierta: Berg Institute. |
| 500 ## - NOTA GENERAL |
| Nota general |
Título original: La banalitá del bene |
| 520 ## - RESUMEN, ETC. |
| Sumario, etc. |
La necesidad de recrear nuestras vidas, interpretarlas y darles sentido es una necesidad y al mismo tiempo una responsabilidad. El escritor Enrico Deaglio ha convenido la fantástica historia de Giorgio-Jorge Perlasca con calidad literaria, pero igualmente con absoluto rigor histórico en la obra La banalidad del bien. El relato biográfico de Perlasca es una fábula de lo posible; aquello que el hombre puede hacer, sobre la luminosa premisa de abrazar una idea de humanidad, ajena a fronteras culturales, pasaportes, etnias, lenguas, religiones e ideologías. Es una historia de una versión ilustrada de la humanidad en la época más abyecta de la Europa del siglo XX, extraordinaria, casi imposible, y por ello humana.<br/><br/>La Biblioteca de Literatura y Derechos Humanos de Berg Institute ha querido entrelazar diversas narrativas que permitan desde la literatura conocer más y mejor el relato humano en su compromiso de defensa de la dignidad y la humanidad “del otro” y ser una referencia de cómo proteger en el siglo XXI los derechos humanos con solidaridad, imaginación y compromiso responsable.<br/><br/>Con Perlasca entendemos que el bien no necesita de héroes para la Historia, sino la simple acción humana de comprender qué somos en la medida que miramos el rostro del otro y lo asumimos como nuestro propio reflejo. El bien no es algo complejo, sofisticado y elaborado. El bien surge de la con-miseración, de ser capaz de sufrir con el otro y hacer de su sufrimiento algo propio. Se trata de la co-responsabilidad con el que sufre persecución, odio y exclusión. A través de las víctimas accedemos a la Verdad que sólo puede ser develada por la víctima en su íntimo relato de la iniquidad sufrida. No hay humanidad sin acogida y cuidado del distinto, de las otras personas. Porque no somos seres humanos por nosotros mismos, lo somos en la medida que los otros nos reconocen como tales.<br/><br/>Este libro sirve para conocer el principio de humanidad, que desconoce etnias, lenguas, culturas o religiones. Es el encuentro con el otro y la necesidad de ayudar al otro para completar nuestro sentido de humanidad. De responsabilidad.<br/><br/>“Me gustaría que los jóvenes se interesaran por esta historia, no solo para conocer lo que sucedió en Europa, sino sobre lo que en el futuro pueda acontecer y aprendan de la historia para, en su caso, hacer frente a una violencia similar”.<br/><br/>Giorgio Perlasca |
| 600 #0 - PUNTO DE ACCESO ADICIONAL DE MATERIA--NOMBRE DE PERSONA |
| Nombre de persona |
Perlasca, Giorgio, |
| Fechas asociadas al nombre |
1910-1992 |
| Fuente del encabezamiento o término |
lemac |
| 9 (RLIN) |
238459 |
| 650 #0 - PUNTO DE ACCESO ADICIONAL DE MATERIA--TÉRMINO DE MATERIA |
| Término de materia o nombre geográfico como elemento de entrada |
Diplomáticos- |
| Subdivisión geográfica |
Hungria- |
| Subdivisión general |
Biografia |
| Fuente del encabezamiento o término |
lemac |
| 9 (RLIN) |
238460 |
| 650 #0 - PUNTO DE ACCESO ADICIONAL DE MATERIA--TÉRMINO DE MATERIA |
| Término de materia o nombre geográfico como elemento de entrada |
Judíos- |
| Subdivisión general |
Persecuciones- |
| Subdivisión geográfica |
Hungria |
| Fuente del encabezamiento o término |
lemac |
| 9 (RLIN) |
238461 |
| 650 #0 - PUNTO DE ACCESO ADICIONAL DE MATERIA--TÉRMINO DE MATERIA |
| Término de materia o nombre geográfico como elemento de entrada |
Holocausto judío (1939-1945)- |
| Subdivisión geográfica |
Hungria |
| Fuente del encabezamiento o término |
lemac |
| 9 (RLIN) |
238462 |
| 700 ## - ENTRADA AGREGADA--NOMBRE PERSONAL |
| Nombre de persona |
González Ibáñez, Joaquín, |
| Fechas asociadas al nombre |
1970- |
| 9 (RLIN) |
238427 |
| Término indicativo de función/relación |
Autor de introducción |
| 700 ## - ENTRADA AGREGADA--NOMBRE PERSONAL |
| Nombre de persona |
López de Goicoechea Zabala, Javier |
| 9 (RLIN) |
238463 |
| Término indicativo de función/relación |
Autor de introducción |
| 700 ## - ENTRADA AGREGADA--NOMBRE PERSONAL |
| Nombre de persona |
Sainz-Borgo, Juan Carlos |
| 9 (RLIN) |
238464 |
| Término indicativo de función/relación |
Autor |
| 700 ## - ENTRADA AGREGADA--NOMBRE PERSONAL |
| Nombre de persona |
Sampedro Arrubla, Julio Andrés |
| 9 (RLIN) |
238465 |
| Término indicativo de función/relación |
Autor de introducción |
| 700 ## - ENTRADA AGREGADA--NOMBRE PERSONAL |
| Nombre de persona |
Vecchioni, Domenico, |
| Fechas asociadas al nombre |
1945- |
| 9 (RLIN) |
238466 |
| Término indicativo de función/relación |
Autor de introducción |
| 700 ## - ENTRADA AGREGADA--NOMBRE PERSONAL |
| Nombre de persona |
Bovenzi, Gerardo |
| 9 (RLIN) |
238467 |
| Término indicativo de función/relación |
Traductor |
| 700 ## - ENTRADA AGREGADA--NOMBRE PERSONAL |
| Nombre de persona |
Laborda, Francisco |
| 9 (RLIN) |
238468 |
| Término indicativo de función/relación |
Traductor |
| 830 #0 - PUNTO DE ACCESO ADICIONAL DE SERIE-TÍTULO UNIFORME |
| Título uniforme |
Biblioteca literatura y derechos humanos |
| 9 (RLIN) |
238888 |
| 852 ## - LOCALIZACIÓN |
| Ubicación |
ES-MaACL |
| Sublocalización o colección |
R.154534 |
| Ubicación en estantería |
Depósito J |
| Número de control de estantería |
N-9262 |
| Donativo/Legado |
Donación: Editorial |
| Encuadernación |
Encuadernación cartoné |
| itemnumber |
205216 |
| 942 ## - ELEMENTOS DE ENTRADA SECUNDARIOS (KOHA) |
| Tipo de ítem Koha |
Libro impreso |
| Suprimir en OPAC |
No |